000 01595nam0a2200349 4500
001 RU\NLR\bibl\533706
005 20040714114528.0
010 _a5-352-00793-6
_95000
021 _aRU
_b2004-33334
_91674
035 _a(NLR Aleph) 000525992
090 _a1322958
_c1322958
100 _a20040625d2004 u y0rusy50 ca
101 1 _arus
_cchi
102 _aRU
105 _aa |||||||||
200 1 _aДело о полку Игореве
_e[Роман]
_fХольм ван Зайчик
_g[Пер. с кит. Е.И. Худенькова, Э. Выхристюк]
210 _aСПб.
_cАзбука-классика
_d2004
215 _a346,[3] с.
_d18
225 1 _aАзбука
311 _a3-я кн. из цикла "Плохих людей нет (Евразийская симфония)"
320 _aБиблиогр. в конце кн.
327 0 _aВ прил.: Предварительные разыскания о звере пицзеци / Э Выхристюк, Е. Худеньков
488 0 _12001#$aПлохих людей нет (Евразийская симфония)
_tПлохих людей нет (Евразийская симфония)
686 _aШ6(2=Р)75-446
700 1 _4070
_7ca
_8rus
_aЗайчик
_bХ. ван
_gХольм ван
_9121323
_3RU\NLR\auth\7711581
702 1 _4730
_7ca
_8rus
_aХуденьков
_bЕ. И.
_f1964-
_gЕвстафий Иоильевич
_9252432
_3RU\NLR\AUTH\770252488
801 0 _aRU
_bNLR
_c20040625
_gPSBO
801 1 _aRU
_bNLR
_c20040625
942 _cBOOK
980 _aNB